Normal view
MARC view
- الفقه الحنبلي
Entry Topical Term
001 - CONTROL NUMBER
- control field: 30207
003 - CONTROL NUMBER IDENTIFIER
- control field: JO-AjAnu
005 - DATE AND TIME OF LATEST TRANSACTION
- control field: 20230606075111.0
008 - FIXED-LENGTH DATA ELEMENTS
- fixed length control field: 230606|| aca||aabn | a|a d
040 ## - CATALOGING SOURCE
- Original cataloging agency: JO-AjAnu
- Transcribing agency: JO-AjAnu
150 ## - HEADING--TOPICAL TERM
- Topical term or geographic name entry element: الفقه الحنبلي
670 ## - SOURCE DATA FOUND
- Source citation: Work cat.: (JO-AjAnu)15515: المقدسي، عبد الرحمن بن إبراهيم بن أحمد, author 30206, العده شرح العمده : في فقه امام السنه احمد ابن حنبل الشيباني